000 00551nam a22001697a 4500
003 BD-ChCU
005 20250109145507.0
008 250109b bg ||||| |||| 00| 0 ben d
040 _cBD-ChCU
082 _222
_a323.095492 B918
100 _aThe center for Bangladesh And global affairs
_97303
245 _aBuilding a human rights friendly society in Bangladesh:
_bachievements and challenges
260 _aDhaka,
_bCBGA,
_c2022
300 _a78 P.
_c25 cm.
650 0 _aHuman rights-Bangladesh: Human rights-Bangladesh
_97304
942 _2ddc
_cBK
_n0
999 _c105356
_d105356